Pokémon - Les attaques de Scarhino - Statistiques

Statistiques générales
  • Ce quiz a été pris 28 fois
  • Le résultat moyen est 8 sur 14
Statistiques - réponses
Niveaux Types Noms des attaques % Correct
Niveau 60 Combat Close Combat
100%
Niveau 55 Insecte Mégacorne
94%
Niveau 30 Combat Casse-Brique
88%
Départ Normal Charge
88%
Niveau 15 Vol Aéropique
71%
Niveau 5 Normal Furie
71%
Départ Normal Groz'Yeux
71%
Niveau 20 Normal Koud'Korne
53%
Niveau 35 Insecte Dard-Nuée
47%
Niveau 25 Combat Riposte
41%
Niveau 45 Normal Mania
35%
Niveau 50 Normal Danse Lames
29%
Niveau 10 Normal Ténacité
29%
Niveau 40 Ténèbres Exécu-Son
18%
Aucun quiz correspondant
Distribution des résultats
% des personnes avec chaque résultat
Percentile par nombre de réponses
Votre historique - résultats
Vous n’avez pas pris ce quiz